000
00229nam a2200109Ia 4500
005
20251222144758.0
008
251222s9999||||xx |||||||||||||| ||spa||
082
_a
304.6/I59C
245
0
_a
PerĂº:
264
_b
INEI
942
_c
LIB
999
_c
19622
_d
19622